MARC

LEADER 00000nam0a2200000 4500
001 354632
005 20231102010718.0
035 |a (RuTPU)RU\TPU\retro\11891 
035 |a RU\TPU\retro\11858 
090 |a 354632 
100 |a 20200623d1965 k y0rusy50 ca 
101 0 |a rus 
102 |a RU 
105 |a a z 000zy 
200 1 |a Экспериментальные исследования влияния упругих свойств обрабатываемых материалов на внутренние процессы и параметры ручного пневматического молотка  |e [оттиск статьи]  |f В. Ф. Горбунов, В. И. Бабуров, Л. С. Редутинский 
210 |a Свердловск  |c Свердловский горный ин-т  |d 1965 
215 |a С. 63-67  |c граф., схемы, табл. 
225 1 |a Известия высших учебных заведений. Горный журнал  |v № 1 
320 |9 572  |a Библиогр.: с. 67 
606 1 |a Пневматические машины ручные ударного действия  |2 stltpush  |3 (RuTPU)RU\TPU\subj\49439  |9 68237 
606 1 |a Горизонтальное бурение  |2 stltpush  |3 (RuTPU)RU\TPU\subj\51480  |9 70073 
610 1 |a коллекция ТПУ 
610 1 |a труды учёных ТПУ 
610 1 |a оттиски 
610 1 |a модули упругости 
610 1 |a ударники 
610 1 |a отскок 
610 1 |a импульсы давления 
610 1 |a кинетическая энергия 
610 1 |a коэффициенты передачи 
675 |a 621.542-867  |v 4 
675 |a 622.243.2  |v 4 
700 1 |a Горбунов  |b В. Ф.  |c российский ученый, специалист в области горной механики  |c профессор Томского политехнического университета  |f 1926-  |g Валерий Федорович  |2 stltpush  |3 (RuTPU)RU\TPU\pers\19777 
701 1 |a Бабуров  |b В. И. 
701 1 |a Редутинский  |b Л. С. 
801 1 |a RU  |b 63413507  |c 20200619 
801 2 |a RU  |b 63413507  |c 20200623  |g RCR 
942 |c BK